| 000 | 00423pab a2200169 454500 | ||
|---|---|---|---|
| 008 | 180718b2000 xxu||||| |||| 00| 0 eng d | ||
| 100 | _aRao, Y.V. | ||
| 245 | _aTRYSEM through NGOs | ||
| 260 | _c2000 | ||
| 300 | _ap.22-26,28 | ||
| 362 | _aJun | ||
| 650 | _aRural development - India - Uttar Pradesh | ||
| 650 | _aEmployment - India - Uttar Pradesh | ||
| 650 | _aEmployment | ||
| 773 | _aKurukshetra | ||
| 909 | _a44960 | ||
| 999 |
_c44960 _d44960 |
||